000 00670nam a22002297a 4500
999 _c1236
_d1236
001 11028
003 BD-DhUAP
005 20200204113158.0
008 200204r20071998ii ||||| |||| 001 0 eng d
020 _a9788170129882
040 _aBD-DhUAP
_bEng
_cBD-DhUAP
_dBD-DhUAP
082 _223
_a342.5406 TAK
100 _aTakwani, C. K.
245 _aLectures on administrative law /
_cC. K. Takwani and M. C. Thakker.
250 _a3rd ed.
260 _aLucknow :
_bEastern Book Co.,
_cc1998 [Reprinted 2007].
300 _alvi, 447 pages ;
_c23 cm.
500 _aIncludes index.
650 _aAdministrative law
_zIndia.
700 _aThakker, M. C.
942 _2ddc
_cBK